Japanese Cities - Sudden Death - Statistics

General Stats
  • This quiz has been taken 908 times
    283 since last reset
  • The average score is 17 of 24
Answers on the Grid
Answers color-coded by a green-red scale on the quiz's grid according to % correct below.
Okinawa
Naha
Kagoshima
Fukuoka
Nagasaki
Yamaguchi
Nara
Ibaraki
Matsuyama
Kōchi
Tokushima
Toyama
Kanazawa
Okazaki
Niigata
Tokyo
Kyoto
Kumamoto
Sendai
Fukushima
Aomori
Hakodate
Sapporo
Nagoya
Busan
Incheon
Seoul
Suwon
Gwangju
Chongjin
Wonsan
Daegu
Taipei
Keelung
Kaohsiung
Suzhou
Chengdu
Harbin
Xi'an
Dalian
Hanoi
Manila
Saraburi
Yangon
Koror
Palikir
Medan
Kupang
 
Answer Stats
Answer % Correct
Kyoto
91%
Tokyo
90%
Fukushima
88%
Nagasaki
88%
Fukuoka
82%
Kagoshima
82%
Okinawa
82%
Sapporo
82%
Nagoya
81%
Matsuyama
75%
Tokushima
75%
Kumamoto
74%
Yamaguchi
74%
Okazaki
73%
Kanazawa
71%
Toyama
71%
Niigata
70%
Sendai
63%
Hakodate
62%
Aomori
56%
Ibaraki
56%
Nara
56%
Kōchi
53%
Naha
51%
No matching quizzes found
Score Distribution
Percent of People with Each Score
Percentile by Number Answered
Your Score History
You have not taken this quiz since the last reset